| 000 | 00759nam a2200241 i 4500 | ||
|---|---|---|---|
| 001 | 185812 | ||
| 003 | SpMaBN | ||
| 005 | 20240421063033.0 | ||
| 008 | 160811s1995 sp f d |||| | spa d | ||
| 020 | _a84-08-01584-2 | ||
| 080 | _a7(038) | ||
| 100 | 1 |
_aAzúa, Félix de, _d1944- _924368 |
|
| 245 | 1 | 0 |
_aDiccionario de las artes / _cFélix de Azúa. |
| 250 | _a1ª ed. | ||
| 260 |
_aBarcelona : _bPlaneta, _c1995. |
||
| 300 |
_a322 p., [8] p. de lám. ; _c21 cm. |
||
| 490 | 1 | _aDiccionarios de autor | |
| 504 | _aReferencias bibliográficas. | ||
| 650 | 7 |
_aArte- _vDiccionarios. _910094 |
|
| 830 | 0 |
_aDiccionarios de autor _9178733 |
|
| 852 |
_aES-MaACL _jL-30535 _z- enc. cart. _z. - Donat. Miguel A. Velasco |
||
| 999 |
_c185812 _d185812 |
||